Statistics for Biggest Oceanian Cities within 100 Km

Click here to take the quiz!

General Stats

  • This quiz has been taken 643 times
  • The average score is 59 of 284

Answers on the Map

Answers color-coded by a green-red scale on the quiz's map according to % correct below.
 

Answer Stats

Country Dist to larger LatLon Pop City% Correct
Indonesia 3,319,480 -6.174417705106.8294376 28,100,000 Jakarta
93%
Australia 5,380,895 -33.92001097151.1851798 4,900,000 Sydney
93%
New Zealand 2,161,299 -36.850013174.7649808 1,470,000 Auckland
90%
Philippines 1,242,199 14.60415895120.9822172 23,300,000 Manila
90%
Australia 708,090 -37.82003131144.9750162 4,400,000 Melbourne
89%
Australia 2,729,575 -31.95501463115.8399987 2,075,000 Perth
89%
France 160,511 -20.91687167.26461 10,375 We
89%
Australia 738,282 -27.45503091153.0350927 2,900,000 Brisbane
86%
New Zealand 490,693 -41.28664174.77557 381,900 Wellington
86%
Australia 655,304 -34.93498777138.6000048 1,300,000 Adelaide
84%
Papua New Guinea 2,086,510 -9.44314147.17972 283,733 Port Moresby
83%
Australia 720,242 -12.46113130.84185 129,062 Darwin
79%
Fiji 1,332,868 -18.14161178.44149 77,366 Suva
79%
New Zealand 305,555 -43.53333172.63333 363,926 Christchurch
77%
Australia 241,822 -35.28346149.12807 367,752 Canberra
76%
Australia 582,515 -42.87936147.32941 216,656 Hobart
73%
Samoa 1,151,095 -13.83333-171.76666 40,407 Apia
72%
Australia 1,284,522 -23.69748133.88362 25,186 Alice Springs
71%
Solomon Islands 1,402,385 -9.43333159.95 56,298 Honiara
67%
Vanuatu 539,380 -17.73381168.32188 35,901 Port Vila
67%
East Timor 280,133 -8.55861125.57361 150,000 Dili
65%
Tonga 744,604 -21.13938-175.2018 22,400 Nuku'alofa
64%
Australia 281,733 -16.92304145.76625 153,075 Cairns
63%
Indonesia 573,286 -7.249235821112.7508333 4,700,000 Surabaya
63%
Tuvalu 873,362 -8.52425179.19417 4,492 Funafuti
62%
United States 3,852,376 21.30687644-157.8579979 1,000,000 Honolulu
61%
Kiribati 1,871,457 1.3278172.97696 40,311 Tarawa
60%
Philippines 570,255 10.31997601123.9000752 2,275,000 Cebu
59%
Indonesia 118,597 -6.950029278107.5700126 5,950,000 Bandung
57%
Indonesia 342,000 3.57997397898.65004024 3,425,000 Medan
55%
Indonesia 313,228 -8.650028871115.2199849 1,500,000 Denpasar
54%
New Zealand 310,060 -45.87416170.50361 114,347 Dunedin
54%
Marshall Islands 661,338 7.08971171.38027 25,400 Majuro
54%
Australia 1,087,639 -19.26639146.8057 196,219 Townsville
54%
Philippines 402,826 7.110016906125.6299955 1,340,000 Davao
50%
Australia 117,001 -32.92715151.77647 308,308 Newcastle
46%
France 1,457,289 -22.27631166.4572 93,060 Noumea
46%
Indonesia 775,307 -5.139958884119.4320275 1,780,000 Makassar
44%
United States 337,384 19.72972-155.09 43,263 Hilo
39%
Indonesia 421,909 -2.980039043104.7500297 1,690,000 Palembang
39%
Palau 876,188 7.33978134.47326 14,000 Koror State
37%
Indonesia 1,046,424 -2.53371140.71813 134,895 Jayapura
35%
Papua New Guinea 301,706 -6.72208146.98469 76,255 Lae
34%
United States 2,039,593 15.21233145.7545 48,220 Saipan
32%
Indonesia 259,374 -6.966617412110.4200195 2,050,000 Semarang
32%
New Zealand 121,210 -45.03023168.66271 10,442 Queenstown
31%
Australia 114,750 -42.0805145.55646 2,352 Queenstown
31%
Australia 249,283 -23.38032150.50595 61,724 Rockhampton
31%
Indonesia 429,169 5.557795.3222 250,757 Banda Aceh
30%
Australia 462,348 -17.95538122.23922 12,766 Broome
29%
New Zealand 176,372 -46.4168.35 47,287 Invercargill
29%
Australia 160,824 -41.43876147.13467 106,153 Launceston
29%
Australia 1,021,265 -20.31215118.61059 15,044 Port Hedland
28%
Australia 276,817 -35.0031117.86595 33,650 Albany
27%
Australia 542,092 -30.74614121.4742 31,107 Kalgoorlie
27%
United States 125,027 -14.27806-170.7025 11,500 Pago Pago
27%
Indonesia 514,491 -1.24204116.89419 700,000 Balikpapan
26%
Australia 323,198 -21.15345149.16554 74,219 Mackay
26%
Australia 665,733 -20.72523139.49727 22,785 Mount Isa
26%
United Kingdom 539,764 -25.06597-130.10147 46 Adamstown
25%
Indonesia 682,092 -3.69543128.1814 355,596 Ambon
25%
New Zealand 124,971 -41.27078173.28404 59,200 Nelson
25%
Federated States of Micronesia 1,016,144 7.45154151.8468 13,856 Weno
25%
New Zealand 1,139,160 -21.20778-159.775 13,373 Avarua
24%
France 2,409,937 -17.55-149.6 29,851 Faaa
24%
New Zealand 176,841 -39.06667174.08333 49,168 New Plymouth
23%
Indonesia 282,283 0.564964212101.425013 1,180,000 Pekanbaru
23%
Philippines 263,393 6.91028122.07389 457,623 Zamboanga
23%
New Zealand 430,727 -19.05952-169.91867 624 Alofi
22%
Australia 255,203 -31.96173141.45998 18,430 Broken Hill
22%
Australia 294,929 -24.86621152.3479 70,826 Bundaberg
22%
Australia 371,265 -28.77897114.61459 26,872 Geraldton
22%
Australia 327,176 -34.18551142.16251 30,016 Mildura
22%
United States 124,131 -14.23361-169.51444 873 Ta`u
22%
Philippines 116,864 6.11278125.17167 679,588 General Santos
21%
Australia 259,143 -14.46517132.26347 5,849 Katherine
21%
Australia 709,347 -29.05459167.96628 880 Kingston
21%
Indonesia 722,345 -10.1718123.6075 282,396 Kupang
21%
Indonesia 513,303 1.48218124.84892 451,893 Manado
21%
Philippines 432,705 9.73917118.73528 222,673 Puerto Princesa
21%
Indonesia 123,070 -5.430018698105.2699979 1,090,000 Bandar Lampung
20%
Australia 442,235 -24.88073113.6594 7,392 Carnarvon
20%
Australia 268,900 -29.01415134.75495 1,942 Coober Pedy
20%
Australia 391,763 -10.42172105.67912 500 Flying Fish Cove
20%
Federated States of Micronesia 561,508 6.964158.2062 6,074 Kolonia
20%
Indonesia 462,892 -0.87956131.26104 125,535 Sorong
20%
Australia 162,513 -35.12577147.35374 46,913 Wagga Wagga
20%
Australia 112,283 -36.07494146.92394 45,627 Albury
19%
Federated States of Micronesia 467,665 9.51638138.12167 7,371 Colonia
19%
Australia 347,452 -33.86013121.88259 7,888 Esperance
19%
Papua New Guinea 319,708 -5.8581144.22744 33,623 Mount Hagen
19%
Indonesia 205,523 -0.94924100.35427 840,352 Padang
19%
Australia 449,326 -19.6497134.19147 3,889 Tennant Creek
19%
Australia 985,749 -12.1568196.82251 120 West Island
19%
Indonesia 344,134 -3.31987114.59075 572,837 Banjarmasin
18%
Australia 164,181 -17.30295123.62864 3,199 Derby
18%
Australia 550,602 -12.18652136.78201 3,202 Nhulunbuy
18%
Australia 205,969 -33.28397149.10018 39,329 Orange
18%
Indonesia 207,934 -0.03109109.32199 455,173 Pontianak
18%
France 1,536,333 -23.12028-134.96917 1,103 Rikitea
18%
Australia 255,123 -26.56741148.78751 5,496 Roma
18%
Papua New Guinea 603,057 -6.21319155.53674 40,266 Arawa
17%
France 1,401,752 -9.8-139.03333 1,762 Atuona
17%
Australia 336,906 -32.12156133.67866 1,586 Ceduna
17%
New Zealand 131,711 -38.65333178.00417 34,274 Gisborne
17%
Australia 294,086 -18.22485127.66647 1,209 Halls Creek
17%
New Zealand 132,430 -39.6381176.84918 61,696 Hastings
17%
Vanuatu 274,463 -15.51989167.16235 13,397 Luganville
17%
Australia 356,580 -23.35644119.73553 5,138 Newman
17%
New Zealand 112,085 -40.35636175.61113 75,996 Palmerston North
17%
Australia 244,420 -34.72625135.87442 13,044 Port Lincoln
17%
Indonesia 255,139 0.79065127.38424 101,731 Ternate
17%
Australia 106,628 -27.56056151.95386 131,258 Toowoomba
17%
Papua New Guinea 298,035 -10.31509150.45742 10,025 Alotau
16%
Nauru 700,498 -0.52545166.91247 2,381 Arijejen
16%
Australia 124,430 -32.24295148.60484 32,327 Dubbo
16%
Marshall Islands 442,602 8.77479167.73919 15,000 Ebaye
16%
Papua New Guinea 269,923 -5.55021150.14285 18,847 Kimbe
16%
France 383,953 -13.28163-176.17453 1,200 Mata-Utu
16%
Federated States of Micronesia 647,102 5.32479163.00781 9,686 Tofol
16%
Australia 418,455 -12.62346141.87883 2,830 Weipa
16%
Papua New Guinea 263,424 -3.55342143.62678 18,230 Wewak
16%
New Zealand 124,576 -35.73167174.32391 50,900 Whangarei
16%
Papua New Guinea 324,433 -9.07628143.20919 15,214 Daru
15%
Australia 189,942 -20.73765116.84629 11,728 Karratha
15%
Australia 405,215 -15.77813128.74414 5,679 Kununurra
15%
Indonesia 306,526 -0.8917119.8707 282,431 Palu
15%
Australia 228,430 -30.56305136.89546 4,055 Roxby Downs
15%
Palau 274,312 5.32608132.21943 30 Sonsorol Village
15%
Australia 205,759 -33.03268137.56484 19,645 Whyalla
15%
Indonesia 285,960 -3.80044102.26554 309,712 Bengkulu
14%
Australia 241,077 -31.49873145.84183 4,199 Cobar
14%
Federated States of Micronesia 264,678 9.766140.52 215 Fais
14%
Solomon Islands 253,893 -8.10303156.84186 6,154 Gizo
14%
Indonesia 224,705 0.5412123.0595 144,195 Gorontalo
14%
New Zealand 155,177 -42.46667171.2 9,419 Greymouth
14%
Tonga 284,934 -15.9544-173.79616 815 Hihifo
14%
Solomon Islands 396,964 -10.71667165.83333 553 Lata
14%
Papua New Guinea 390,136 -2.02259147.27119 5,806 Lorengau
14%
East Timor 157,374 -8.51861127.0025 17,186 Lospalos
14%
Indonesia 314,143 -0.86667134.08333 53,190 Manokwari
14%
France 553,150 -22.45133-151.34191 1,044 Moerai
14%
Palau 373,821 3.00488131.12168 44 Tobi Village
14%
Marshall Islands 284,637 9.45429170.23674 880 Wotje
14%
Samoa 100,434 -13.51963-172.63784 6,643 Asau
13%
New Zealand 543,176 -8.54212-172.51591 524 Atafu Village
13%
Philippines 214,166 20.44865121.97017 7,297 Basco
13%
Australia 131,907 -36.75818144.28024 100,617 Bendigo
13%
Philippines 151,842 6.05222121.00222 101,002 Jolo
13%
Papua New Guinea 255,326 -2.57444150.79669 14,490 Kavieng
13%
Solomon Islands 229,468 -10.45442161.92045 1,122 Kirakira
13%
Australia 217,715 -28.18333116.73333 4,822 Melville
13%
Indonesia 317,591 -3.35989135.50074 43,898 Nabire
13%
Kiribati 297,309 3.90806-159.38832 194 Napari Village
13%
Tonga 303,681 -18.65-173.98333 4,320 Neiafu
13%
Australia 198,680 -10.58077142.21964 2,610 Thursday Island
13%
Solomon Islands 110,813 -8.76761160.70335 6,811 Auki
12%
Indonesia 225,081 -1.1767136.082 4,537 Biak
12%
Australia 127,300 -30.29626153.11351 26,353 Coffs Harbour
12%
United States 211,898 13.51777144.8391 44,943 Dededo Village
12%
Australia 168,860 -23.52296148.15784 9,398 Emerald
12%
Marshall Islands 231,544 5.92098169.64335 1,200 Jabor
12%
Papua New Guinea 261,362 -6.12193141.29061 11,536 Kiunga
12%
Papua New Guinea 417,154 -4.35202152.26327 26,273 Kokopo
12%
Indonesia 167,819 -0.9516122.7875 47,778 Luwuk
12%
Kiribati 1,895,621 2.01643-157.48773 1,881 Tabwakea Village
12%
Australia 191,590 -31.09048150.92905 47,597 Tamworth
12%
France 256,258 -16.50741-151.74913 4,927 Vaitape
12%
New Zealand 684,056 -43.95353-176.55973 300 Waitangi
12%
Papua New Guinea 129,104 -3.15174142.36247 5,547 Aitape
11%
Australia 156,486 -30.09008145.94544 2,475 Bourke
11%
Solomon Islands 140,411 -8.14497159.59212 2,700 Buala
11%
Philippines 131,887 7.20417124.43972 1,273,715 Budta
11%
Philippines 130,194 6.9747118.5144 3,847 Cagayan
11%
Vanuatu 224,388 -19.55169.26667 1,437 Isangel
11%
Marshall Islands 174,296 5.59944168.10282 814 Namdrik
11%
Australia 192,308 -31.43084152.90894 41,491 Port Macquarie
11%
Australia 212,192 -22.6939117.7931 2,723 Tom Price
11%
Marshall Islands 119,552 8.1499171.16869 438 Aur
10%
Australia 158,375 -20.01367148.24754 10,983 Bowen
10%
Australia 111,595 -41.05584145.90375 19,972 Burnie
10%
Australia 151,232 -34.28853146.05093 15,455 Griffith
10%
New Zealand 101,542 -42.40749173.68132 2,172 Kaikoura
10%
Australia 161,822 -37.8318140.77919 23,209 Mount Gambier
10%
New Zealand 103,433 -9.20045-171.84804 426 Nukunonu
10%
Indonesia 143,805 -2.2136113.9108 148,139 Palangkaraya
10%
Indonesia 126,402 -4.0135119.6255 140,000 Parepare
10%
United States 185,544 -11.05528-171.08833 37 Taulaga
10%
Marshall Islands 217,953 8.93218165.76416 448 Ujae
10%
Australia 124,459 -34.3135148.30107 7,501 Young
10%
Australia 188,592 -13.85413136.4213 1,289 Alyangula
9%
Philippines 110,014 10.66667122.95 454,898 Bacolod City
9%
Philippines 138,809 16.41639120.59306 272,714 Baguio
9%
Indonesia 127,905 -8.46006118.72667 66,970 Bima
9%
Philippines 101,741 8.21528126.31639 67,567 Bislig
9%
Philippines 143,186 8.48222124.64722 445,103 Cagayan de Oro
9%
United States 143,326 20.89472-156.47 26,337 Kahului
9%
Indonesia 365,459 -3.9778122.51507 195,006 Kendari
9%
Papua New Guinea 187,443 -5.22465145.79656 27,419 Madang
9%
Kiribati 220,017 3.3644172.98352 1,834 Makin Village
9%
France 170,626 -20.93333165.33333 4,885 Poindimie
9%
Australia 108,531 -36.38047145.39867 38,773 Shepparton
9%
Vanuatu 139,888 -13.88333167.55 1,171 Sola
9%
Marshall Islands 112,439 11.22778169.84739 409 Utrik
9%
Australia 106,201 -20.07671146.26354 9,573 Charters Towers
8%
Indonesia 106,252 1.66711101.44316 143,760 Dumai
8%
Marshall Islands 130,347 4.58199168.69636 714 Ebon
8%
Australia 174,603 -36.71131142.19981 14,285 Horsham
8%
Indonesia 192,284 -1.6103.61667 420,323 Jambi City
8%
Tuvalu 114,531 -6.10819177.33393 224 Kulia Village
8%
Australia 189,560 -14.24029129.52092 1,351 Port Keats
8%
France 152,943 -8.91093-140.09972 1,224 Taiohae
8%
Australia 133,277 -25.63925149.7998 1,263 Taroom
8%
Philippines 111,342 8.94917125.54361 309,709 Butuan
7%
Indonesia 199,035 -8.8432121.6623 77,205 Ende
7%
Australia 111,243 -28.5464150.3073 5,629 Goondiwindi
7%
Papua New Guinea 105,226 -6.08336145.38735 18,503 Goroka
7%
Australia 113,466 -34.50429144.84474 2,660 Hay
7%
Philippines 136,222 18.1978120.5957 102,105 Laoag
7%
Fiji 118,525 -17.61667177.46667 52,500 Lautoka
7%
Australia 173,765 -29.42743147.97865 2,685 Lightning Ridge
7%
Australia 127,758 -29.46278149.84157 8,203 Moree
7%
Philippines 105,416 11.00639124.6075 191,200 Ormoc
7%
Tonga 134,693 -19.81468-174.35423 1,738 Pangai
7%
Philippines 155,324 12.35275121.06761 118,807 San Jose
7%
Philippines 104,110 16.68808121.5487 108,414 Santiago
7%
France 242,494 -14.29034-178.16551 480 Sigave
7%
Australia 140,236 -35.33781143.5544 9,276 Swan Hill
7%
Tuvalu 155,221 -7.24562177.14511 408 Tanrake Village
7%
Indonesia 108,635 3.31332117.59152 97,478 Tarakan
7%
Tuvalu 140,181 -6.28764176.31472 258 Toga Village
7%
Australia 110,791 -38.19528146.5415 21,960 Traralgon
7%
Indonesia 391,164 -5.6193132.7886 39,502 Tual
7%
Marshall Islands 139,087 10.16575166.01022 160 Wotho
7%
Australia 144,383 -34.28107140.59958 4,330 Berri
6%
Philippines 142,403 5.02917119.77306 26,518 Bongao
6%
Philippines 101,189 11.9986120.2043 8,723 Coron
6%
Philippines 136,127 10.8525121.00861 7,549 Cuyo
6%
Australia 101,528 -33.48094145.53435 1,582 Hillston
6%
Marshall Islands 177,159 7.75003168.97513 112 Jabat
6%
Australia 119,997 -27.7105114.16505 1,537 Kalbarri
6%
United States 136,491 22.07521-159.31895 10,699 Kapa'a
6%
Marshall Islands 109,609 9.82511169.31065 482 Likiep
6%
Australia 153,063 -31.48094118.27448 2,668 Merredin
6%
Papua New Guinea 177,624 -8.71066141.63668 2,246 Morehead
6%
Australia 124,239 -31.56088147.18816 2,368 Nyngan
6%
Australia 172,894 -33.58303120.04688 1,101 Ravensthorpe
6%
Marshall Islands 146,736 11.16351166.89408 19 Rongelap
6%
Indonesia 112,540 -2.5315112.9496 66,053 Sampit
6%
Indonesia 185,240 2.480396.3801 15,000 Sinabang
6%
Indonesia 147,864 -7.70623114.00976 600,000 Situbondo
6%
Papua New Guinea 115,973 -4.21717142.81832 2,073 Ambunti
5%
Philippines 124,320 7.9868117.0645 9,881 Balabac
5%
Fiji 215,573 -16.41667179.38333 27,949 Lambasa
5%
Indonesia 110,317 4.468397.9683 54,465 Langsa
5%
Philippines 245,447 13.13722123.73444 179,481 Legaspi
5%
Australia 103,275 -30.64003116.00365 1,770 Moora
5%
Indonesia 104,737 -2.06719105.16228 26,709 Muntok
5%
Australia 106,528 -32.93282117.17763 4,238 Narrogin
5%
Papua New Guinea 139,030 -8.75931148.24095 28,198 Popondetta
5%
Tuvalu 111,506 -8.02731178.31351 586 Savave Village
5%
Indonesia 121,329 1.72837128.00948 10,000 Tobelo
5%
Indonesia 134,838 -9.6567120.2641 48,828 Waingapu
5%
Australia 150,018 -38.38176142.48799 33,982 Warrnambool
5%
Indonesia 108,188 -2.58333115.38333 60,192 Barabai
4%
Indonesia 142,605 -4.12891104.16695 134,759 Baturaja
4%
Indonesia 105,660 -4.9333122.5167 42,750 Katabu
4%
Papua New Guinea 124,770 -7.96309145.77851 5,646 Kerema
4%
Indonesia 374,590 -8.4964119.8877 188,724 Labuhanbajo
4%
Indonesia 206,917 5.180197.1507 88,974 Lhokseumawe
4%
Australia 100,961 -36.88901149.90961 6,367 Merimbula
4%
Marshall Islands 110,796 6.0815171.73502 854 Mili
4%
Australia 149,158 -22.00163148.04661 10,000 Moranbah
4%
Indonesia 129,530 -2.9925120.19694 129,273 Palopo
4%
Indonesia 112,862 -1.3959120.7524 47,110 Poso
4%
Indonesia 110,551 0.90925108.98463 101,838 Singkawang
4%
Indonesia 143,861 -8.49317117.42024 52,654 Sumbawa Besar
4%
Indonesia 181,888 -2.73353107.63477 62,374 Tanjung Pandan
4%
Indonesia 101,269 1.3795299.27146 100,561 Padangsidempuan
3%
Indonesia 175,297 -2.12914106.11377 125,933 Pangkalpinang
3%
Indonesia 168,217 -2.0561101.3913 95,913 Sungai Penuh
3%
Indonesia 120,698 4.136396.1285 35,062 Meulaboh
2%
Indonesia 148,155 -2.6832111.6259 38,057 Pangkalanbuun
2%
Philippines 179,206 17.61306121.72694 115,105 Tuguegarao City
2%

Score Distribution

Percentile by Number Answered

Percent of People with Each Score

Your Score History

You have not taken this quiz